000 00370nam a22001337a 4500
020 _qHB.
040 _cFizza Ishaq
082 _a811.54
_bSUS
100 _aGRIFFIN, Susan.
_9133452
245 _aWoman and nature: The roaring inside her /
_c Susan GRIFFIN.
260 _aNew York :
_bHarper& Row,
_c1978.
300 _a263 p, ;
_c5.2 x 7.8 x .6 inches
942 _2ddc
_cBK
999 _c616407
_d616407